[Event "DEM U16w 2024"]
[Site "Willingen GER"]
[Date "2024.05.19"]
[Round "1"]
[White "Rabe, Elina"]
[Black "Bezsonna, Polina"]
[Result "0-1"]
[Termination "normal"]
[Board "14"]
[WhiteElo "1551"]
[BlackElo "1788"]
[WhiteClock "00:35:06"]
[BlackClock "00:27:13"]
[PlyCount "91"]
[WhiteFideId "34623531"]
[BlackFideId "14191156"]
[EventCountry "GER"]
[EventRounds "9"]
[EventType "swiss"]
[EventDate "2024.05.18"]

1. e4 {[%clk 01:30:59]} {[%emt 00:00:01]} c5 {[%clk 01:30:53]} {[%emt
00:00:08]} 2. Nf3 {[%clk 01:31:25]} {[%emt 00:00:03]} Nc6 {[%clk 01:31:16]}
{[%emt 00:00:07]} 3. Bb5 {[%clk 01:31:53]} {[%emt 00:00:01]} g6 {[%clk
01:31:02]} {[%emt 00:00:45]} 4. Bxc6 {[%clk 01:32:19]} {[%emt 00:00:04]} bxc6
{[%clk 01:30:54]} {[%emt 00:00:38]} 5. c3 {[%clk 01:32:23]} {[%emt 00:00:25]}
Bg7 {[%clk 01:30:02]} {[%emt 00:01:22]} 6. d4 {[%clk 01:30:54]} {[%emt
00:01:59]} cxd4 {[%clk 01:29:39]} {[%emt 00:00:53]} 7. cxd4 {[%clk 01:31:02]}
{[%emt 00:00:23]} d6 {[%clk 01:21:07]} {[%emt 00:09:02]} 8. O-O {[%clk
01:25:19]} {[%emt 00:06:12]} Nf6 {[%clk 01:19:46]} {[%emt 00:01:51]} 9. Nc3
{[%clk 01:21:00]} {[%emt 00:04:49]} O-O {[%clk 01:17:55]} {[%emt 00:02:21]} 10.
h3 {[%clk 01:20:13]} {[%emt 00:01:17]} Qc7 {[%clk 01:06:32]} {[%emt 00:11:54]}
11. Re1 {[%clk 01:11:52]} {[%emt 00:08:50]} e5 {[%clk 00:57:59]} {[%emt
00:09:04]} 12. Be3 {[%clk 01:03:36]} {[%emt 00:08:46]} Nd7 {[%clk 00:34:19]}
{[%emt 00:24:10]} 13. Qc2 {[%clk 00:50:26]} {[%emt 00:13:39]} Qa5 {[%clk
00:28:27]} {[%emt 00:06:22]} 14. Rad1 {[%clk 00:44:10]} {[%emt 00:06:46]} Rd8
{[%clk 00:27:13]} {[%emt 00:01:43]} 15. a3 {[%clk 00:35:06]} {[%emt 00:09:35]}
Bb7 16. d5 c5 17. Qb3 Rab8 18. Nd2 Ba6 19. Qc2 Rdc8 20. Rb1 Qc7 21. f3 Nb6 22.
b3 Qd7 23. Rb2 Rb7 24. Reb1 Rbc7 25. Bf2 Kh8 26. Bg3 Bh6 27. a4 Qe7 28. Kh2 Kg8
29. a5 Nd7 30. Nc4 Nf6 31. Rf1 Nh5 32. Bf2 Qd7 33. Qd3 f5 34. Rd1 Nf6 35. Qf1
Qe7 36. g3 Nh5 37. Qg2 Rb8 38. Ne3 Nxg3 39. Bxg3 Bxe3 40. Re1 Bd4 41. Rc1 f4
42. Bf2 Rcb7 43. Bxd4 cxd4 44. Nd1 Rxb3 45. Rxb3 Rxb3 46. Qc2 Rxf3 0-1

[Event "DEM U16w 2024"]
[Site "Willingen GER"]
[Date "2024.05.19"]
[Round "1"]
[White "Fock, Madiha"]
[Black "Lorenz, Rebecca"]
[Result "1-0"]
[Termination "normal"]
[Board "15"]
[WhiteElo "1780"]
[BlackElo "1460"]
[WhiteClock "00:44:38"]
[BlackClock "00:19:54"]
[PlyCount "40"]
[WhiteFideId "16253574"]
[BlackFideId "34610944"]
[EventCountry "GER"]
[EventRounds "9"]
[EventType "swiss"]
[EventDate "2024.05.18"]

1. e4 {[%clk 01:30:58]} {[%emt 00:00:02]} e6 {[%clk 01:30:42]} {[%emt
00:00:18]} 2. d4 {[%clk 01:31:21]} {[%emt 00:00:07]} d5 {[%clk 01:30:52]}
{[%emt 00:00:20]} 3. Nd2 {[%clk 01:31:25]} {[%emt 00:00:25]} dxe4 {[%clk
01:30:45]} {[%emt 00:00:37]} 4. Nxe4 {[%clk 01:31:47]} {[%emt 00:00:08]} Nd7
{[%clk 01:30:37]} {[%emt 00:00:39]} 5. g3 {[%clk 01:30:11]} {[%emt 00:02:06]}
Ngf6 {[%clk 01:28:12]} {[%emt 00:02:55]} 6. Nxf6+ {[%clk 01:28:22]} {[%emt
00:02:19]} Nxf6 {[%clk 01:27:17]} {[%emt 00:01:25]} 7. Bg2 {[%clk 01:22:20]}
{[%emt 00:06:32]} Rb8 {[%clk 01:18:59]} {[%emt 00:08:48]} 8. Nf3 {[%clk
01:17:58]} {[%emt 00:04:53]} b6 {[%clk 01:08:48]} {[%emt 00:10:41]} 9. Ne5
{[%clk 01:05:53]} {[%emt 00:12:35]} Bd7 {[%clk 00:58:09]} {[%emt 00:11:09]} 10.
Nc6 {[%clk 01:01:03]} {[%emt 00:05:19]} Bxc6 {[%clk 00:57:34]} {[%emt
00:01:04]} 11. Bxc6+ {[%clk 01:01:28]} {[%emt 00:00:05]} Nd7 {[%clk 00:57:38]}
{[%emt 00:00:26]} 12. c3 {[%clk 00:58:34]} {[%emt 00:03:24]} Be7 {[%clk
00:53:26]} {[%emt 00:04:42]} 13. Qa4 {[%clk 00:57:37]} {[%emt 00:01:27]} a5
{[%clk 00:48:59]} {[%emt 00:04:57]} 14. O-O {[%clk 00:57:41]} {[%emt 00:00:25]}
Bd6 {[%clk 00:44:01]} {[%emt 00:05:27]} 15. Re1 {[%clk 00:54:46]} {[%emt
00:03:26]} h6 {[%clk 00:40:54]} {[%emt 00:03:37]} 16. d5 {[%clk 00:52:14]}
{[%emt 00:03:02]} Qe7 {[%clk 00:37:46]} {[%emt 00:03:37]} 17. Qg4 {[%clk
00:49:06]} {[%emt 00:03:38]} Kf8 {[%clk 00:25:51]} {[%emt 00:12:26]} 18. Bxd7
{[%clk 00:45:18]} {[%emt 00:04:18]} Qxd7 {[%clk 00:24:01]} {[%emt 00:02:20]}
19. dxe6 {[%clk 00:45:28]} {[%emt 00:00:19]} Qe7 {[%clk 00:22:26]} {[%emt
00:02:04]} 20. Bf4 {[%clk 00:44:38]} {[%emt 00:01:20]} Re8 {[%clk 00:19:54]}
{[%emt 00:03:02]} 1-0